Factory glazed windows (Record no. 105042)

MARC details
000 -LEADER
fixed length control field 01052cam a2200229 4500
001 - CONTROL NUMBER
control field ##L132159
008 - FIXED-LENGTH DATA ELEMENTS--GENERAL INFORMATION
fixed length control field 060116n2005 000 0 eng u
020 ## - INTERNATIONAL STANDARD BOOK NUMBER
International Standard Book Number 1860818854
035 ## - SYSTEM CONTROL NUMBER
System control number (Sirsi) u132159
041 0# - LANGUAGE CODE
Language code of text/sound track or separate title eng
050 04 - LIBRARY OF CONGRESS CALL NUMBER
Classification number 698.5 $2 18
100 1# - MAIN ENTRY--PERSONAL NAME
Personal name Kelly, D. J.
245 00 - TITLE STATEMENT
Title Factory glazed windows
Remainder of title Introduction and the glazing process
260 ## - PUBLICATION, DISTRIBUTION, ETC.
Place of publication, distribution, etc. Watford
Name of publisher, distributor, etc. BRE
Date of publication, distribution, etc. 2005
490 #0 - SERIES STATEMENT
Series statement BRE Digest
Volume/sequential designation 497(1)
520 ## - SUMMARY, ETC.
Summary, etc. Provides a summary of guidelines for the production of factory glazed windows, in order to increase their effectiveness. Part one (of two) gives examples of glass units and glazing systems, with particular emphasis on what preparations should be made for each glazing process. Part twofollows the stages between transportation to the sites to maintenance of the windows once installed.
590 ## - LOCAL NOTE (RLIN)
Local note IKA170106
690 ## - LOCAL SUBJECT ADDED ENTRY--TOPICAL TERM (OCLC, RLIN)
Topical term or geographic name as entry element BUILT ENVIRONMENT-BUILDING ELEMENTS-PARTS OF BUILDING ELEMENTS-OPENINGS-WINDOWS
700 1# - ADDED ENTRY--PERSONAL NAME
Personal name Garvin, S. L.
710 2# - ADDED ENTRY--CORPORATE NAME
Corporate name or jurisdiction name as entry element United Kingdom
Subordinate unit Department of Trade and Industry
942 ## - ADDED ENTRY ELEMENTS (KOHA)
Suppress in OPAC 0
Holdings
Withdrawn status Lost status Source of classification or shelving scheme Damaged status Not for loan Home library Current library Shelving location Date acquired Total Checkouts Full call number Barcode Date last seen Copy number Price effective from Koha item type
    Dewey Decimal Classification     London London BRE publications 16/01/2006   ENQUIRY DESK 300715888 06/08/2019 1 06/08/2019 Book